| 000 | 02122cam a22004455i 4500 | ||
|---|---|---|---|
| 001 | 23890281 | ||
| 003 | OSt | ||
| 005 | 20250702150631.0 | ||
| 008 | 240311s2024 ii a 001 0 eng d | ||
| 010 | _a 2024365307 | ||
| 020 |
_a9789355947369 _q(hardback) |
||
| 020 |
_a9355947364 _q(hardback) |
||
| 025 | _aI-E-2024365307; 89-30 | ||
| 035 | _a23890281 | ||
| 035 | _a(OCoLC)1442938959 | ||
| 037 | _bLibrary of Congress -- New Delhi Overseas Office | ||
| 040 |
_aDKAGE _beng _erda _cDKAGE _dOCLCO _dDLC |
||
| 042 |
_alccopycat _alcode |
||
| 043 | _aa-ii--- | ||
| 050 | 0 | 4 |
_aHN690.Z9 _bC6 2024 |
| 082 | 0 | 4 |
_a307.1412095482 _bPAL/I |
| 100 | 1 |
_aPalanithurai, G. _eauthor. _910592 |
|
| 245 | 1 | 0 |
_aIntegral rural development : _ba rural transformation experiment by Sri Aurobindo Society, Pondicherry / _cG. Palanithurai, R. Ramesh ; research and presented by Sri Aurobindo Society, SARVAM (Sri Aurobindo Rural and Village Action and Movement). |
| 250 | _aRevised and enlarged edition. | ||
| 264 | 1 |
_aNew Delhi : _bConcept Publishing Company Pvt. Ltd. ; _aPuducherry : _bAuroPublications, Sri Aurobindo Society, _c2024. |
|
| 300 |
_aviii, 152 pages : _billustrations (black and white) ; _c23 cm |
||
| 336 |
_atext _btxt _2rdacontent |
||
| 337 |
_aunmediated _bn _2rdamedia |
||
| 338 |
_avolume _bnc _2rdacarrier |
||
| 500 | _aIncludes index. | ||
| 520 | _aStudy conducted in two villages, Poothurai and Perambai in Vanur block of Villupuram district in Tamil Nadu, India. | ||
| 610 | 2 | 0 |
_aSri Aurobindo Society. _bSri Aurobindo Rural and Village Action and Management. |
| 650 | 0 |
_aRural development _xGovernment policy _zIndia _zPoothurai. |
|
| 650 | 0 |
_aRural development _xGovernment policy _zIndia _zPerambai. |
|
| 700 | 1 |
_aRamesh, R., _d1968- _eauthor. _1https://id.oclc.org/worldcat/entity/E39PCjBQmHw8Q3xbVpxVrVFBT3 |
|
| 710 | 2 |
_aSri Aurobindo Society. _bSri Aurobindo Rural and Village Action and Management, _eissuing body. |
|
| 906 |
_a7 _bpar _ccopycat _d3 _encip _f20 _gy-gencatlg |
||
| 942 |
_2ddc _cBK _h307.1412095482 _iPAL/I _k307.1412095482 _mPAL/I |
||
| 999 |
_c44603 _d44603 |
||